God, man and church growth. (Record no. 1432)
[ view plain ]
| 000 -LEADER | |
|---|---|
| fixed length control field | 00982cam a2200301 4500 |
| 001 - CONTROL NUMBER | |
| control field | 772396 |
| 003 - CONTROL NUMBER IDENTIFIER | |
| control field | GBCCL |
| 005 - DATE AND TIME OF LATEST TRANSACTION | |
| control field | 20241126110401.0 |
| 008 - FIXED-LENGTH DATA ELEMENTS--GENERAL INFORMATION | |
| fixed length control field | 730305s1973 miuc b 010 0beng |
| 010 ## - | |
| -- | 72091125 |
| 020 ## - INTERNATIONAL STANDARD BOOK NUMBER | |
| International Standard Book Number | 0802834248 |
| 040 ## - CATALOGING SOURCE | |
| Original cataloging agency | DLC |
| Transcribing agency | DLC |
| Modifying agency | DLC |
| 050 00 - | |
| -- | BV652.25 |
| -- | .G63 |
| 082 00 - DEWEY DECIMAL CLASSIFICATION NUMBER | |
| Classification number | 254.5 |
| Item number | GOD |
| 245 00 - TITLE STATEMENT | |
| Title | God, man and church growth. |
| Statement of responsibility, etc. | Edited by A. R. Tippett. |
| 260 ## - PUBLICATION, DISTRIBUTION, ETC. | |
| Place of publication, distribution, etc. | Grand Rapids, |
| Name of publisher, distributor, etc. | Eerdmans |
| Date of publication, distribution, etc. | [1973] |
| 300 ## - PHYSICAL DESCRIPTION | |
| Extent | xii, 447 p. |
| Other physical details | port. |
| Dimensions | 22 cm. |
| 350 ## - PRICE (NR) (BK AM CF MU VM SE) [OBSOLETE] | |
| Price | $7.95 |
| 500 ## - GENERAL NOTE | |
| General note | "A festschrift in honor of Donald Anderson McGavran." |
| 504 ## - BIBLIOGRAPHY, ETC. NOTE | |
| Bibliography, etc. note | Includes bibliographies. |
| 600 10 - SUBJECT ADDED ENTRY--PERSONAL NAME | |
| Personal name | McGavran, Donald A. |
| Fuller form of name | (Donald Anderson), |
| Dates associated with a name | 1897-1990. |
| 9 (RLIN) | 2848 |
| 650 #0 - SUBJECT ADDED ENTRY--TOPICAL TERM | |
| Topical term or geographic name entry element | Church growth. |
| 9 (RLIN) | 291 |
| 650 #0 - SUBJECT ADDED ENTRY--TOPICAL TERM | |
| Topical term or geographic name entry element | Missions. |
| 9 (RLIN) | 885 |
| 700 1# - ADDED ENTRY--PERSONAL NAME | |
| Personal name | McGavran, Donald A. |
| Fuller form of name | (Donald Anderson), |
| Dates associated with a name | 1897-1990. |
| 9 (RLIN) | 2848 |
| 700 1# - ADDED ENTRY--PERSONAL NAME | |
| Personal name | Tippett, Alan R. |
| Fuller form of name | (Alan Richard), |
| Dates associated with a name | 1911-1988, |
| Relator term | ed. |
| 9 (RLIN) | 2849 |
| 906 ## - LOCAL DATA ELEMENT F, LDF (RLIN) | |
| a | 7 |
| b | cbc |
| c | orignew |
| d | 2 |
| e | opcn |
| f | 19 |
| g | y-gencatlg |
| 942 ## - ADDED ENTRY ELEMENTS (KOHA) | |
| Source of classification or shelving scheme | Dewey Decimal Classification |
| Koha item type | Books |
| Koha issues (borrowed), all copies | 7 |
| Withdrawn status | Lost status | Source of classification or shelving scheme | Damaged status | Not for loan | Home library | Current Library | Shelving location | Date acquired | Total checkouts | Total renewals | Full call number | Barcode | Date last seen | Date last checked out | Copy number | Price effective from | Koha item type |
|---|---|---|---|---|---|---|---|---|---|---|---|---|---|---|---|---|---|
| Dewey Decimal Classification | GRACE BIBLE COLLEGE | GRACE BIBLE COLLEGE | Ministry & Mission | 2017-05-01 | 7 | 2 | 254.5 GOD | 001492 | 2025-05-01 | 2024-03-02 | c.1 | 2017-05-01 | Books |